000
00253nam a2200097Ia 4500
001
815327
005
20250826171654.0
008
250824s9999 xx 000 0 und d
245
0
_a
TANKLAR KABEYE DAYANMADAN
_c
İBRAHİM KARAGÜL
260
_b
KETEBE YAYINLARI
999
_c
815327
_d
815327